Vplyv imigrácie na zmeny v chápaní identity a v prístupe k občianstvu v členských štátoch Európskej únie
Medzinárodná migrácia sa týka všetkých členských štátov EÚ bez rozdielu. Príslušnosť k národu a príslušnosť k štátu. Kategórie obyvateľstva štátu. Spôsoby nadobúdania občianstva a obsah nadobudnutého občianstva. Vplyv imigrácie na národnostnú štruktúru obyvateľstva členských štátov EÚ. Faktory ovply...
Enregistré dans:
| Auteur principal: | |
|---|---|
| Format: | Chapitre de livre |
| Langue: | slovaque |
| Sujets: | |
| Tags: |
Pas de tags, Soyez le premier à ajouter un tag!
|
MARC
| LEADER | 00000naa a2200000 4500 | ||
|---|---|---|---|
| 001 | 0135206 | ||
| 005 | 20231207092010.5 | ||
| 041 | 0 | |a slo | |
| 044 | |a SK | ||
| 245 | 1 | 0 | |a Vplyv imigrácie na zmeny v chápaní identity a v prístupe k občianstvu v členských štátoch Európskej únie |c Martina Bolečeková |
| 520 | |a Medzinárodná migrácia sa týka všetkých členských štátov EÚ bez rozdielu. Príslušnosť k národu a príslušnosť k štátu. Kategórie obyvateľstva štátu. Spôsoby nadobúdania občianstva a obsah nadobudnutého občianstva. Vplyv imigrácie na národnostnú štruktúru obyvateľstva členských štátov EÚ. Faktory ovplyvňujúce integráciu imigrantov. Tradičné a nové modely integrácie imigrantov. | ||
| 610 | 2 | 0 | |a imigrácia |
| 610 | 2 | 0 | |a Európska únia |
| 100 | 1 | |a Bolečeková, Martina | |